[Event "Helsinki Chess Festival - Seniors"]
[Site "chess24.com"]
[Date "2019.08.15"]
[Round "4"]
[White "Fomina, Tatyana"]
[Black "Karasev, Vladimir I"]
[Result "1/2-1/2"]
[Board "5"]
[WhiteTitle "WGM"]
[WhiteElo "2201"]
[WhiteCountry "EST"]
[WhiteFideId "4500156"]
[WhiteEloChange "2"]
[BlackTitle "IM"]
[BlackElo "2283"]
[BlackCountry "RUS"]
[BlackFideId "4103971"]
[BlackEloChange "-2"]

1. e4 {[%clk 1:30:57]} e5 {[%clk 1:30:55]} 2. Nf3 {[%clk 1:31:17]} d6 {[%clk
1:31:19]} 3. Bc4 {[%clk 1:31:31]} Be7 {[%clk 1:26:03]} 4. c3 {[%clk 1:30:39]} Nf6
{[%clk 1:25:55]} 5. Qe2 {[%clk 1:30:28]} O-O {[%clk 1:25:57]} 6. O-O {[%clk
1:30:34]} c6 {[%clk 1:25:13]} 7. Bb3 {[%clk 1:30:31]} Bg4 {[%clk 1:17:29]} 8. h3
{[%clk 1:28:35]} Bh5 {[%clk 1:17:58]} 9. Rd1 {[%clk 1:27:45]} Qc8 {[%clk
1:15:56]} 10. d4 {[%clk 1:23:21]} d5 {[%clk 1:09:05]} 11. Nbd2 {[%clk 1:22:39]}
exd4 {[%clk 0:10:20]} 12. cxd4 {[%clk 1:17:01]} Bb4 {[%clk 0:52:00]} 13. e5
{[%clk 1:14:25]} Re8 {[%clk 0:49:54]} 14. Nf1 {[%clk 1:10:10]} Ne4 {[%clk
0:49:30]} 15. Ng3 {[%clk 1:06:36]} Nxg3 {[%clk 0:49:29]} 16. fxg3 {[%clk
1:06:50]} Nd7 {[%clk 0:10:31]} 17. Bd2 {[%clk 0:55:58]} Bxd2 {[%clk 0:48:33]} 18.
Qxd2 {[%clk 0:52:31]} f6 {[%clk 0:46:20]} 19. g4 {[%clk 0:52:05]} Bg6 {[%clk
0:46:28]} 20. Re1 {[%clk 0:47:30]} fxe5 {[%clk 0:46:34]} 21. dxe5 {[%clk
0:44:19]} Nc5 {[%clk 0:46:27]} 22. Bc2 {[%clk 0:42:08]} Bxc2 {[%clk 0:46:37]} 23.
Qxc2 {[%clk 0:42:27]} Ne6 {[%clk 0:47:01]} 24. Rad1 {[%clk 0:39:39]} Qd8 {[%clk
0:46:08]} 25. h4 {[%clk 0:37:24]} Rf8 {[%clk 0:44:06]} 26. g5 {[%clk 0:36:18]}
Rf4 {[%clk 0:43:57]} 27. Re3 {[%clk 0:34:28]} Qb6 {[%clk 0:44:02]} 28. Qf2 {[%clk
0:33:55]} Raf8 {[%clk 0:40:10]} 29. Rb3 {[%clk 0:33:40]} Qxf2+ {[%clk 0:40:19]}
30. Kxf2 {[%clk 0:34:05]} Nc5 {[%clk 0:40:34]} 31. Ra3 {[%clk 0:33:47]} Rxh4
{[%clk 0:40:00]} 32. Rxa7 {[%clk 0:33:12]} Rb4 {[%clk 0:40:12]} 33. b3 {[%clk
0:32:54]} Rg4 {[%clk 0:37:54]} 34. Rg1 {[%clk 0:27:23]} Ne4+ {[%clk 0:18:31]} 35.
Ke3 {[%clk 0:26:18]} Nxg5 {[%clk 0:18:04]} 36. Nxg5 {[%clk 0:25:53]} Rxg5 {[%clk
0:18:32]} 37. Rxb7 {[%clk 0:25:17]} c5 {[%clk 0:02:27]} 38. Rc7 {[%clk 0:23:27]}
Rg3+ {[%clk 0:15:43]} 39. Ke2 {[%clk 0:01:07]} Rc3 {[%clk 0:12:16]} 40. Rf1
{[%clk 0:47:14]} Rc2+ {[%clk 0:37:09]} 41. Kd3 {[%clk 0:01:04]} Rxg2 {[%clk
0:36:22]} 42. Rxf8+ {[%clk 0:45:26]} Kxf8 {[%clk 0:36:50]} 43. Rxc5 {[%clk
0:41:54]} h5 {[%clk 0:37:07]} 44. Ke3 {[%clk 0:08:20]} h4 {[%clk 0:35:33]} 45.
Kf3 {[%clk 0:04:31]} Rg1 {[%clk 0:12:18]} 46. Rxd5 {[%clk 0:03:43]} Ke7 {[%clk
0:09:18]} 47. Rd2 {[%clk 0:20:45]} Rg3+ {[%clk 0:10:41]} 48. Kf4 {[%clk 0:19:44]}
g5+ {[%clk 0:09:50]} 49. Kf5 {[%clk 0:19:32]} h3 {[%clk 0:10:11]} 50. e6 {[%clk
0:18:58]} Rg2 {[%clk 0:10:22]} 51. Rd7+ {[%clk 0:19:02]} Ke8 {[%clk 0:10:38]} 52.
Rh7 {[%clk 0:18:32]} g4 {[%clk 0:10:34]} 53. Kf6 {[%clk 0:15:58]} Rf2+ {[%clk
0:10:56]} 54. Kg5 {[%clk 0:01:24]} g3 {[%clk 0:06:01]} 55. Rxh3 {[%clk 0:15:22]}
g2 {[%clk 0:06:10]} 56. Rg3 {[%clk 0:15:21]} Rxa2 {[%clk 0:03:28]} 57. Kf6 {[%clk
0:15:09]} Rf2+ {[%clk 0:03:13]} 58. Ke5 {[%clk 0:00:13]} Ke7 {[%clk 0:01:22]} 59.
b4 {[%clk 0:14:19]} Re2+ {[%clk 0:02:55]} 60. Kd5 {[%clk 0:11:56]} Rd2+ {[%clk
0:01:37]} 61. Ke4 {[%clk 0:01:15]} 1/2-1/2